Çıplak ayakla yürümek (Record no. 386)

MARC details
000 -BAŞLIK
Sabit Uzunlukta Kontrol Alanı 00803na a2200277 4500
001 - KONTROL NUMARASI
Denetim Alanı 19377
003 - KONTROL NUMARASI IDENTIFIER
Denetim Alanı MIRAKIL
005 - SON İŞLEM TARİHİ VE ZAMANI
Denetim Alanı 20181213154747.0
008 - SABİT-BOY VERİ ELEMANLARI - GENEL BİLGİLER
Sabit Uzunlukta Kontrol Alanı 161214b tu 000 0
020 ## - ULUSLARARASI STANDART KİTAP NUMARASI
Uluslararası Standart Kitap Numarası 9789944400190
040 ## - KATALOGLAMA KAYNAK
Orijinal Kataloglama Ajansı Milas
Kataloglama Dili tur
Metne Dönüştürmek Ajansı TR-AnCHP
041 ## - DİL KODU
Metin / Ses Parça Veya Ayrı Başlığın Dil Kodu tur
082 ## - DEWEY ONLU SINIFLANDIRMA NUMARASI
Sınıflandırma Numarası 814.42
Ürün Numarası Ç24ç 2007
090 ## - SINIFLAMA NUMARASI
Sınıflama Numarası 814.42 Ç24ç 2007
100 ## - ANA GİRİŞ - KİŞİSEL İSİM
Kişisel Ad Çakıralp, Şahnaz
245 ## - BAŞLIK TABLOSU
Başlık Çıplak ayakla yürümek
Sorumluluk Tablosu, Vb Şahnaz Çakıralp; editör Şenol Koray Sakınmaz
250 ## - EDITION TABLOSU
Baskı Beyanı 2. bs.
260 ## - YAYIN, DAĞITIM, VB
Yayın, Dağıtım, Vb Yeri İstanbul
Yayıncı, Dağıtıcı, Vs Adı Akademi Kültür Sanat Yayıncılık
Yayın, Dağıtım, Vb Tarihi 2007
300 ## - FİZİKSEL TANIM
Kapsam 247 s.
Boyutlar 21 sm.
440 ## - SERİSİ TABLOSU / KATMA GİRİŞİ - BAŞLIK
Başlık Akademi Kültür Sanat Yayıncılık
490 ## - SERİSİ TABLOSU
Seri Beyanı Deneme
Hacim / Ardışık Tanımı 12
650 ## - KONU KATMA GİRİŞ - TOPİKAL DÖNEM
Topikal Süreli Veya Coğrafi Ad Giriş Elemanı Türkçe deneme
650 ## - KONU KATMA GİRİŞ - TOPİKAL DÖNEM
Topikal Süreli Veya Coğrafi Ad Giriş Elemanı Türk edebiyatı
Genel Alt Bölümü Denemeler
700 ## - KATMA GİRİŞ - KİŞİSEL İSİM
Kişisel Ad Sakınmaz,Şenol Koray
942 ## - EKLENDİ GİRİŞ ELEMANLARI (KOHA)
Sınıflandırma Veya Raf Düzeni Kaynak Dewey Decimal Classification
Koha Öğesi Türü Books
999 ## - SİSTEM KONTROL NUMARALARI (KOHA)
Koha Biblionumber 386
Koha Biblioitemnumber 386
Holdings
Kalıcı Konum Mevcut Konum Edinme Tarihi Edinim Kaynak Toplam Check-Out'Lar Tam Çağrı Numarası Barkod Tarih Son Görülme İtibaren Geçerli Fiyatlar Koha Öğesi Türü
CHP Kütüphanesi CHP Kütüphanesi 12/14/2016 Bağış   814.42 Ç24ç 2007 011560 12/14/2016 12/14/2016 Books